000 00676nam a2200205Ia 4500
003 GCL
008 140319s9999 xx 000 0 ara d
040 _aGCL /
_cGCL
082 0 4 _aق
_b320.9
_bم ا
100 1 _aمحمد حسنين هيكل
245 1 0 _aاحاديث فى العاصفة /
_cمحمد حسنين هيكل
250 _aالثالثة
260 _aالقاهرة :
_bدار الشروق ،
_c1987
300 _a691 ص ؛
_c24سم
650 0 4 _aالعالم العربى
650 0 4 _aمصر - تاريخ - العصر الاسلامى
650 0 4 _aجمال عبدالناصر
650 0 4 _aمصر - الاحوال السياسية
942 _2ddc
_cBK
999 _c39340
_d39340